| 000 | 01087nam a22002177a 4500 | ||
|---|---|---|---|
| 005 | 20230929103819.0 | ||
| 010 | _aHIN-126029 | ||
| 020 |
_a9788171491018 _c895.00 |
||
| 035 | _aHN-98375 | ||
| 037 | _bDBAD/PUB | ||
| 082 | _a401.802 | ||
| 245 |
_aहिंदी के सन्दर्भ में सेधान्तिक एवं अनुप्रयुक्त भाषाविज्ञान / _cरविन्द्रनाथ श्रीवास्तव द्वारा सम्पादित |
||
| 250 | _a1 | ||
| 260 |
_bसाहित्य सहकार _aनई दिल्ली _c2021 |
||
| 270 |
_a29/62-बी गली न 11 विश्वास नगर _e110032 _bनई दिल्ली |
||
| 300 |
_a472 पृ. _c22 सेमी (सजिल्द) |
||
| 710 |
_956895 _aमहेंद्र _eसह -संपादक |
||
| 710 |
_aमुकुल प्रियदर्शिनी _eउप- संपादक _957589 |
||
| 942 |
_cHN _2ddc _h401.802 _mहिंदीके |
||
| 999 |
_c198636 _d198636 |
||